[Event "DVM U14 2020"]
[Site "Willingen GER"]
[Date "2021.06.26"]
[Round "6"]
[White "Neuber, Pascal"]
[Black "Dordevic, Tom"]
[Result "1-0"]
[Termination "normal"]
[Board "5.2"]
[WhiteElo "1812"]
[BlackElo "1556"]
[WhiteClock "00:16:35"]
[BlackClock "00:33:05"]
[WhiteTeam "USV Halle"]
[BlackTeam "Düsseldorfer Schachverein 1854"]
[PlyCount "91"]
[WhiteFideId "16227611"]
[BlackFideId "16260503"]
[EventCountry "GER"]
[EventRounds "7"]
[EventType "team-swiss"]
[EventDate "2021.06.23"]

1. e4 {[%clk 1:30:59]} c5 {[%clk 1:30:54]} 2. c4 {[%clk 1:31:25]} Nc6 {[%clk
1:31:10]} 3. Nc3 {[%clk 1:31:39]} e6 {[%clk 1:31:33]} 4. g3 {[%clk 1:31:59]}
Nf6 {[%clk 1:31:56]} 5. Bg2 {[%clk 1:32:22]} Be7 {[%clk 1:32:11]} 6. Nge2
{[%clk 1:32:46]} a6 {[%clk 1:32:09]} 7. O-O {[%clk 1:32:42]} d6 {[%clk
1:32:24]} 8. d3 {[%clk 1:33:08]} Qc7 {[%clk 1:32:39]} 9. f4 {[%clk 1:33:07]}
Rb8 {[%clk 1:32:56]} 10. a4 {[%clk 1:32:24]} b6 {[%clk 1:33:02]} 11. f5 {[%clk
1:30:42]} Ne5 {[%clk 1:26:25]} 12. Nf4 {[%clk 1:26:53]} g5 {[%clk 1:23:55]} 13.
Nfe2 {[%clk 1:12:55]} h6 {[%clk 1:22:22]} 14. fxe6 {[%clk 1:11:39]} Bxe6 {[%clk
1:22:37]} 15. Nd5 {[%clk 1:06:47]} Bxd5 {[%clk 1:22:34]} 16. exd5 {[%clk
1:07:02]} Kf8 {[%clk 1:09:01]} 17. Nc3 {[%clk 1:05:18]} Kg7 {[%clk 1:03:35]}
18. b3 {[%clk 1:02:47]} Rbe8 {[%clk 0:54:41]} 19. Bb2 {[%clk 1:01:24]} Bd8
{[%clk 0:49:04]} 20. Ne4 {[%clk 0:59:46]} Qd7 {[%clk 0:45:31]} 21. Nxf6 {[%clk
0:37:58]} Bxf6 {[%clk 0:45:56]} 22. Qh5 {[%clk 0:36:46]} Ng4 {[%clk 0:43:11]}
23. Rxf6 {[%clk 0:34:26]} Nxf6 {[%clk 0:42:26]} 24. Rf1 {[%clk 0:34:14]} Re5
{[%clk 0:42:19]} 25. Bxe5 {[%clk 0:33:19]} dxe5 {[%clk 0:42:40]} 26. Qf3 {[%clk
0:31:07]} Qd6 {[%clk 0:38:17]} 27. Qf5 {[%clk 0:30:47]} Re8 {[%clk 0:37:42]}
28. h4 {[%clk 0:21:08]} g4 {[%clk 0:31:48]} 29. Kh2 {[%clk 0:19:56]} Re7 {[%clk
0:28:07]} 30. Re1 {[%clk 0:14:06]} Kf8 {[%clk 0:20:56]} 31. Qc8+ {[%clk
0:11:19]} Re8 {[%clk 0:17:32]} 32. Qxa6 {[%clk 0:10:02]} e4 {[%clk 0:14:46]}
33. dxe4 {[%clk 0:07:20]} Re5 {[%clk 0:11:39]} 34. Qc8+ {[%clk 0:06:50]} Ke7
{[%clk 0:11:56]} 35. Qb7+ {[%clk 0:06:28]} Kf8 {[%clk 0:10:18]} 36. Qc6 {[%clk
0:04:35]} Qd8 {[%clk 0:09:25]} 37. Rf1 {[%clk 0:04:02]} Kg7 {[%clk 0:09:35]}
38. Re1 {[%clk 0:02:59]} Nh7 {[%clk 0:08:46]} 39. Rf1 {[%clk 0:01:54]} Nf6
{[%clk 0:09:02]} 40. Rf4 {[%clk 0:01:19]} Rh5 {[%clk 0:07:18]} 41. a5 {[%clk
0:22:53]} bxa5 {[%clk 0:32:34]} 42. Qxc5 {[%clk 0:22:56]} Qb8 {[%clk 0:32:46]}
43. Qf2 {[%clk 0:22:21]} a4 {[%clk 0:32:25]} 44. Rxf6 {[%clk 0:15:57]} Rxh4+
{[%clk 0:32:49]} 45. Kg1 {[%clk 0:16:19]} axb3 {[%clk 0:33:05]} 46. Rxf7+
{[%clk 0:16:35]} 1-0

[Event "DVM U14 2020"]
[Site "Willingen GER"]
[Date "2021.06.26"]
[Round "6"]
[White "Krishnachandran, Srihari"]
[Black "Polzin, Gustav"]
[Result "0-1"]
[Termination "normal"]
[Board "5.3"]
[WhiteElo "1323"]
[BlackElo "1566"]
[WhiteClock "00:50:17"]
[BlackClock "00:37:58"]
[WhiteTeam "Düsseldorfer Schachverein 1854"]
[BlackTeam "USV Halle"]
[PlyCount "78"]
[WhiteFideId "34605932"]
[BlackFideId "34603280"]
[EventCountry "GER"]
[EventRounds "7"]
[EventType "team-swiss"]
[EventDate "2021.06.23"]

1. e4 {[%clk 1:30:51]} c5 {[%clk 1:30:54]} 2. Nf3 {[%clk 1:31:11]} e6 {[%clk
1:31:16]} 3. d4 {[%clk 1:31:38]} cxd4 {[%clk 1:31:19]} 4. Nxd4 {[%clk 1:32:00]}
a6 {[%clk 1:31:31]} 5. Bd3 {[%clk 1:32:19]} Nf6 {[%clk 1:31:49]} 6. O-O {[%clk
1:32:37]} Qc7 {[%clk 1:30:48]} 7. Qe2 {[%clk 1:32:59]} d6 {[%clk 1:31:08]} 8.
c4 {[%clk 1:32:59]} g6 {[%clk 1:31:18]} 9. Nc3 {[%clk 1:31:23]} Bg7 {[%clk
1:29:50]} 10. Be3 {[%clk 1:28:04]} O-O {[%clk 1:24:52]} 11. f4 {[%clk 1:25:26]}
Nc6 {[%clk 1:20:39]} 12. Rad1 {[%clk 1:17:57]} Re8 {[%clk 1:15:05]} 13. h3
{[%clk 1:11:23]} Nh5 {[%clk 1:13:51]} 14. Qf2 {[%clk 1:10:17]} Bd7 {[%clk
0:58:42]} 15. Be2 {[%clk 1:04:47]} Nf6 {[%clk 0:57:52]} 16. e5 {[%clk 0:52:47]}
dxe5 {[%clk 0:51:20]} 17. fxe5 {[%clk 0:52:43]} Qxe5 {[%clk 0:50:32]} 18. Nxc6
{[%clk 0:52:47]} Bxc6 {[%clk 0:50:08]} 19. Bd4 {[%clk 0:52:51]} Qf5 {[%clk
0:39:55]} 20. Qh4 {[%clk 0:52:45]} g5 {[%clk 0:38:59]} 21. Rxf5 {[%clk
0:51:07]} gxh4 {[%clk 0:39:17]} 22. Rxf6 {[%clk 0:51:28]} e5 {[%clk 0:39:38]}
23. Rxc6 {[%clk 0:46:52]} exd4 {[%clk 0:39:58]} 24. Nd5 {[%clk 0:47:11]} bxc6
{[%clk 0:40:08]} 25. Nc7 {[%clk 0:47:32]} Rxe2 {[%clk 0:40:29]} 26. Nxa8 {[%clk
0:47:54]} Rxb2 {[%clk 0:40:36]} 27. a4 {[%clk 0:48:02]} Rb8 {[%clk 0:40:42]}
28. Nc7 {[%clk 0:48:22]} Rb4 {[%clk 0:40:44]} 29. Nxa6 {[%clk 0:48:26]} Rxa4
{[%clk 0:41:05]} 30. Nb8 {[%clk 0:48:19]} Rxc4 {[%clk 0:41:28]} 31. Nd7 {[%clk
0:48:44]} Bh6 {[%clk 0:39:50]} 32. Ne5 {[%clk 0:48:50]} Rc2 {[%clk 0:39:01]}
33. Ng4 {[%clk 0:48:55]} Bf8 {[%clk 0:38:24]} 34. Nf2 {[%clk 0:48:47]} c5
{[%clk 0:38:21]} 35. Nd3 {[%clk 0:48:41]} c4 {[%clk 0:38:32]} 36. Ne5 {[%clk
0:49:06]} d3 {[%clk 0:38:29]} 37. Nxd3 {[%clk 0:49:30]} cxd3 {[%clk 0:38:32]}
38. Rxd3 {[%clk 0:49:58]} Bc5+ {[%clk 0:38:50]} 39. Kh2 {[%clk 0:50:17]} Bb6
{[%clk 0:37:58]} 0-1

[Event "DVM U14 2020"]
[Site "Willingen GER"]
[Date "2021.06.26"]
[Round "6"]
[White "Knüpfer, Johannes"]
[Black "Schmidt, Boris"]
[Result "0-1"]
[Termination "normal"]
[Board "5.4"]
[WhiteElo "1238"]
[BlackElo "1536"]
[WhiteClock "00:02:11"]
[BlackClock "00:05:31"]
[WhiteTeam "USV Halle"]
[BlackTeam "Düsseldorfer Schachverein 1854"]
[PlyCount "82"]
[WhiteFideId "34605967"]
[BlackFideId "16238036"]
[EventCountry "GER"]
[EventRounds "7"]
[EventType "team-swiss"]
[EventDate "2021.06.23"]

1. e4 {[%clk 1:30:58]} c5 {[%clk 1:30:49]} 2. b3 {[%clk 1:31:25]} e6 {[%clk
1:31:10]} 3. Bb2 {[%clk 1:31:51]} Nc6 {[%clk 1:30:59]} 4. Nc3 {[%clk 1:32:14]}
Nf6 {[%clk 1:30:39]} 5. f4 {[%clk 1:32:17]} Qc7 {[%clk 1:28:35]} 6. g3 {[%clk
1:31:58]} a6 {[%clk 1:27:53]} 7. Bg2 {[%clk 1:31:16]} d6 {[%clk 1:22:33]} 8. d3
{[%clk 1:28:30]} Be7 {[%clk 1:18:55]} 9. Nf3 {[%clk 1:27:52]} b5 {[%clk
1:18:53]} 10. O-O {[%clk 1:23:48]} Bb7 {[%clk 1:16:08]} 11. Qd2 {[%clk
1:18:51]} Nd4 {[%clk 1:07:25]} 12. Nxd4 {[%clk 1:12:40]} cxd4 {[%clk 1:05:43]}
13. Ne2 {[%clk 1:11:08]} e5 {[%clk 1:00:30]} 14. Rac1 {[%clk 1:10:40]} O-O
{[%clk 0:52:10]} 15. c3 {[%clk 1:09:31]} Qa5 {[%clk 0:50:53]} 16. a3 {[%clk
1:05:35]} dxc3 {[%clk 0:45:12]} 17. Qxc3 {[%clk 1:05:50]} Qb6+ {[%clk 0:45:19]}
18. Kh1 {[%clk 1:05:04]} Rac8 {[%clk 0:41:02]} 19. Qd2 {[%clk 1:04:08]} Rxc1
{[%clk 0:30:43]} 20. Rxc1 {[%clk 1:00:23]} Nd7 {[%clk 0:28:06]} 21. d4 {[%clk
0:36:52]} Nf6 {[%clk 0:22:04]} 22. d5 {[%clk 0:37:06]} Nd7 {[%clk 0:20:22]} 23.
Qe1 {[%clk 0:30:56]} Nc5 {[%clk 0:19:36]} 24. Qg1 {[%clk 0:30:44]} Qd8 {[%clk
0:15:35]} 25. Rc3 {[%clk 0:26:50]} a5 {[%clk 0:14:23]} 26. Bc1 b4 {[%clk
0:13:14]} 27. axb4 {[%clk 0:19:15]} axb4 {[%clk 0:13:32]} 28. Rc2 {[%clk
0:17:20]} Ba6 {[%clk 0:13:03]} 29. Bf3 {[%clk 0:16:00]} Bd3 {[%clk 0:11:54]}
30. Rb2 {[%clk 0:14:07]} Nxe4 {[%clk 0:11:41]} 31. Qe3 {[%clk 0:13:15]} Nc5
{[%clk 0:10:19]} 32. Rd2 {[%clk 0:11:12]} e4 {[%clk 0:09:42]} 33. Bg2 {[%clk
0:10:36]} Bf6 {[%clk 0:08:10]} 34. Ra2 {[%clk 0:08:11]} Re8 {[%clk 0:07:08]}
35. Bd2 {[%clk 0:07:29]} Qb8 {[%clk 0:06:59]} 36. Nc1 {[%clk 0:07:35]} Bb1
{[%clk 0:07:05]} 37. Ra5 {[%clk 0:07:22]} Qb6 {[%clk 0:07:11]} 38. Ra2 {[%clk
0:02:59]} Bxa2 {[%clk 0:05:55]} 39. Nxa2 {[%clk 0:03:24]} Bc3 {[%clk 0:05:14]}
40. Nxc3 {[%clk 0:02:03]} bxc3 {[%clk 0:05:31]} 41. Qxc3 {[%clk 0:02:11]} Qxb3
0-1

[Event "DVM U14 2020"]
[Site "Willingen GER"]
[Date "2021.06.26"]
[Round "6"]
[White "Bungarten, Jona"]
[Black "Kvantaliani, Saba"]
[Result "0-1"]
[Termination "normal"]
[Board "6.1"]
[WhiteElo "1843"]
[BlackElo "1535"]
[WhiteClock "00:40:42"]
[BlackClock "00:32:42"]
[WhiteTeam "Schachfreunde Brackel 1930 e. V."]
[BlackTeam "Schachklub Münster 32 e. V."]
[PlyCount "140"]
[WhiteFideId "16223608"]
[BlackFideId "16284364"]
[EventCountry "GER"]
[EventRounds "7"]
[EventType "team-swiss"]
[EventDate "2021.06.23"]

1. e4 {[%clk 1:30:58]} c5 {[%clk 1:30:51]} 2. d4 {[%clk 1:31:02]} cxd4 {[%clk
1:31:06]} 3. c3 {[%clk 1:31:24]} d3 {[%clk 1:31:21]} 4. Bxd3 {[%clk 1:31:48]}
Nc6 {[%clk 1:31:34]} 5. c4 {[%clk 1:32:10]} d6 {[%clk 1:31:48]} 6. Nc3 {[%clk
1:32:25]} g6 {[%clk 1:31:52]} 7. Nge2 {[%clk 1:32:28]} Bg7 {[%clk 1:31:58]} 8.
O-O {[%clk 1:32:44]} Nf6 {[%clk 1:31:56]} 9. Be3 {[%clk 1:32:31]} O-O {[%clk
1:31:26]} 10. h3 {[%clk 1:32:09]} b6 {[%clk 1:30:58]} 11. Rc1 {[%clk 1:31:25]}
Nd7 {[%clk 1:29:33]} 12. a3 {[%clk 1:30:40]} Nc5 {[%clk 1:28:34]} 13. Bb1
{[%clk 1:29:36]} a5 {[%clk 1:26:28]} 14. b3 {[%clk 1:28:43]} Be6 {[%clk
1:24:31]} 15. Nf4 {[%clk 1:25:41]} a4 {[%clk 1:13:04]} 16. Bxc5 {[%clk
1:23:38]} bxc5 {[%clk 1:11:53]} 17. Nxe6 {[%clk 1:21:37]} fxe6 {[%clk 1:11:45]}
18. Nxa4 {[%clk 1:20:23]} Qa5 {[%clk 1:08:56]} 19. Bc2 {[%clk 1:12:28]} Nd4
{[%clk 1:07:18]} 20. Qd3 {[%clk 1:11:00]} Rab8 {[%clk 1:04:59]} 21. Kh1 {[%clk
1:05:29]} Be5 {[%clk 0:53:59]} 22. Bd1 {[%clk 1:00:31]} g5 {[%clk 0:31:57]} 23.
Rb1 {[%clk 0:57:43]} Kg7 {[%clk 0:31:11]} 24. Qe3 {[%clk 0:56:01]} Bf4 {[%clk
0:21:43]} 25. Qc3 {[%clk 0:54:02]} Qa8 {[%clk 0:20:40]} 26. b4 {[%clk 0:42:51]}
Be5 {[%clk 0:16:42]} 27. Qd3 {[%clk 0:38:00]} Qc6 {[%clk 0:05:09]} 28. Nc3
{[%clk 0:36:36]} cxb4 {[%clk 0:03:16]} 29. axb4 {[%clk 0:36:55]} Rbc8 {[%clk
0:03:16]} 30. c5 {[%clk 0:30:06]} dxc5 {[%clk 0:02:38]} 31. Ba4 {[%clk
0:29:55]} Qd6 {[%clk 0:02:06]} 32. Nb5 {[%clk 0:26:07]} Nxb5 {[%clk 0:02:34]}
33. Qxb5 {[%clk 0:25:50]} Bd4 {[%clk 0:01:48]} 34. Rbd1 {[%clk 0:24:43]} Qf4
{[%clk 0:01:46]} 35. Qe2 {[%clk 0:23:19]} h6 {[%clk 0:01:02]} 36. b5 {[%clk
0:22:50]} Rb8 {[%clk 0:01:02]} 37. Rd3 {[%clk 0:20:42]} Qc7 {[%clk 0:00:46]}
38. Qg4 {[%clk 0:18:27]} Qe5 {[%clk 0:00:38]} 39. Rg3 {[%clk 0:11:03]} Bxf2
{[%clk 0:00:46]} 40. Rf3 {[%clk 0:11:20]} Bd4 {[%clk 0:01:09]} 41. Qh5 {[%clk
0:09:13]} Qxe4 {[%clk 0:29:54]} 42. Rf7+ {[%clk 0:38:17]} Kg8 {[%clk 0:28:26]}
43. Rxf8+ {[%clk 0:37:36]} Rxf8 {[%clk 0:28:54]} 44. Rxf8+ {[%clk 0:37:49]}
Kxf8 {[%clk 0:29:23]} 45. Qxh6+ {[%clk 0:38:07]} Bg7 {[%clk 0:29:47]} 46. Qxg5
{[%clk 0:35:44]} Qxa4 {[%clk 0:30:01]} 47. Qxc5 {[%clk 0:35:20]} Qd1+ {[%clk
0:30:15]} 48. Qg1 {[%clk 0:35:24]} Qxg1+ {[%clk 0:27:59]} 49. Kxg1 Bd4+ {[%clk
0:28:14]} 50. Kf1 {[%clk 0:35:51]} e5 {[%clk 0:28:34]} 51. Ke2 {[%clk 0:36:15]}
e4 {[%clk 0:28:55]} 52. g4 {[%clk 0:36:01]} Kg7 {[%clk 0:29:19]} 53. h4 {[%clk
0:36:15]} Kg6 {[%clk 0:29:40]} 54. Kf1 {[%clk 0:36:16]} e3 {[%clk 0:29:26]} 55.
Ke2 {[%clk 0:36:33]} e5 {[%clk 0:29:52]} 56. Kf3 {[%clk 0:36:39]} Bb6 {[%clk
0:30:00]} 57. Ke2 {[%clk 0:36:38]} e4 {[%clk 0:30:29]} 58. Ke1 {[%clk 0:37:03]}
Kf6 {[%clk 0:30:45]} 59. Ke2 {[%clk 0:37:20]} Ke5 {[%clk 0:30:52]} 60. g5
{[%clk 0:37:23]} Kf5 {[%clk 0:30:35]} 61. Ke1 {[%clk 0:37:46]} Kg6 {[%clk
0:30:25]} 62. Ke2 {[%clk 0:38:11]} Kh5 {[%clk 0:30:41]} 63. Ke1 {[%clk
0:38:29]} Bd4 {[%clk 0:31:08]} 64. Ke2 {[%clk 0:38:53]} Bc5 {[%clk 0:31:09]}
65. Ke1 {[%clk 0:39:15]} Bb6 {[%clk 0:31:35]} 66. Ke2 {[%clk 0:39:40]} Bd4
{[%clk 0:31:48]} 67. Ke1 {[%clk 0:40:03]} Kxh4 {[%clk 0:32:05]} 68. g6 {[%clk
0:40:22]} Kg5 {[%clk 0:32:19]} 69. b6 {[%clk 0:40:21]} Kxg6 {[%clk 0:32:25]}
70. b7 {[%clk 0:40:42]} Ba7 {[%clk 0:32:42]} 0-1

[Event "DVM U14 2020"]
[Site "Willingen GER"]
[Date "2021.06.26"]
[Round "6"]
[White "Bergeret Busse, Julian"]
[Black "Tomasjan, Samuel"]
[Result "1-0"]
[Termination "normal"]
[Board "6.2"]
[WhiteElo "1466"]
[BlackElo "1775"]
[WhiteClock "00:53:19"]
[BlackClock "00:31:27"]
[WhiteTeam "Schachklub Münster 32 e. V."]
[BlackTeam "Schachfreunde Brackel 1930 e. V."]
[PlyCount "113"]
[WhiteFideId "16298446"]
[BlackFideId "16235584"]
[EventCountry "GER"]
[EventRounds "7"]
[EventType "team-swiss"]
[EventDate "2021.06.23"]

1. e4 {[%clk 1:30:56]} e6 {[%clk 1:30:54]} 2. d4 {[%clk 1:31:05]} d5 {[%clk
1:31:18]} 3. exd5 {[%clk 1:31:25]} exd5 {[%clk 1:31:45]} 4. Nf3 {[%clk
1:31:47]} Nf6 {[%clk 1:32:10]} 5. Bd3 {[%clk 1:32:07]} Bd6 {[%clk 1:32:29]} 6.
O-O {[%clk 1:32:28]} O-O {[%clk 1:32:52]} 7. Bg5 {[%clk 1:32:46]} h6 {[%clk
1:32:29]} 8. Bh4 {[%clk 1:33:06]} Be6 {[%clk 1:32:37]} 9. Nbd2 {[%clk 1:32:29]}
Nbd7 {[%clk 1:32:40]} 10. c3 {[%clk 1:32:45]} c6 {[%clk 1:33:00]} 11. Bg3
{[%clk 1:32:22]} Qc7 {[%clk 1:32:45]} 12. Re1 {[%clk 1:30:48]} Bxg3 {[%clk
1:30:26]} 13. hxg3 {[%clk 1:30:59]} Bg4 14. Qc2 {[%clk 1:30:52]} Rfe8 {[%clk
1:29:35]} 15. b3 {[%clk 1:30:18]} Rac8 {[%clk 1:28:52]} 16. Rac1 {[%clk
1:30:30]} c5 {[%clk 1:27:16]} 17. c4 {[%clk 1:24:20]} Rxe1+ {[%clk 1:20:32]}
18. Rxe1 {[%clk 1:24:35]} Qd6 {[%clk 1:19:56]} 19. cxd5 {[%clk 1:21:28]} Nxd5
{[%clk 1:18:19]} 20. Ne4 {[%clk 1:19:43]} Qf8 {[%clk 1:16:33]} 21. dxc5 {[%clk
1:18:53]} Nb4 {[%clk 1:14:34]} 22. Qd2 {[%clk 1:14:15]} Nxd3 {[%clk 1:14:38]}
23. Qxd3 {[%clk 1:14:37]} Nxc5 {[%clk 1:14:57]} 24. Qc4 {[%clk 1:13:27]} Be6
{[%clk 1:13:07]} 25. Qb4 {[%clk 1:09:50]} Nd3 {[%clk 1:10:50]} 26. Qxf8+ {[%clk
1:10:00]} Kxf8 {[%clk 1:11:18]} 27. Rd1 {[%clk 1:07:58]} Rc1 {[%clk 1:10:00]}
28. Rxc1 {[%clk 1:03:48]} Nxc1 {[%clk 1:09:43]} 29. Nc3 {[%clk 1:04:00]} a6
{[%clk 1:07:39]} 30. Nd4 {[%clk 1:01:59]} Ke7 {[%clk 0:58:05]} 31. f3 {[%clk
0:57:54]} b5 {[%clk 0:54:21]} 32. Nde2 {[%clk 0:55:37]} Nxe2+ {[%clk 0:43:48]}
33. Nxe2 {[%clk 0:55:55]} Kd6 {[%clk 0:43:20]} 34. g4 {[%clk 0:48:16]} Kc5
{[%clk 0:42:13]} 35. Kf2 {[%clk 0:46:58]} Kb4 {[%clk 0:41:43]} 36. Ke3 {[%clk
0:46:55]} Ka3 {[%clk 0:39:59]} 37. Kd4 {[%clk 0:42:47]} Kxa2 {[%clk 0:39:12]}
38. b4 {[%clk 0:43:07]} Bc4 {[%clk 0:38:03]} 39. Ng3 {[%clk 0:41:13]} g6 {[%clk
0:36:18]} 40. f4 {[%clk 0:39:53]} Kb3 {[%clk 0:35:47]} 41. Kc5 {[%clk 0:40:10]}
Bd3 {[%clk 0:33:41]} 42. f5 {[%clk 0:31:04]} Kc3 {[%clk 0:29:21]} 43. f6 {[%clk
0:27:58]} Kd2 {[%clk 0:23:13]} 44. Kd6 {[%clk 0:27:27]} Ke1 {[%clk 0:20:43]}
45. Ke7 {[%clk 0:27:36]} Bc4 {[%clk 0:02:41]} 46. Ne4 {[%clk 0:25:47]} Kf1
{[%clk 0:02:01]} 47. Nd6 {[%clk 0:24:42]} Kxg2 {[%clk 0:01:32]} 48. Nxf7 {[%clk
0:25:03]} h5 {[%clk 0:01:28]} 49. gxh5 {[%clk 0:24:46]} gxh5 {[%clk 0:01:46]}
50. Ng5 {[%clk 0:24:51]} Kf2 {[%clk 0:01:31]} 51. Ne6 {[%clk 0:24:40]} h4
{[%clk 0:30:30]} 52. f7 {[%clk 0:54:17]} h3 {[%clk 0:30:59]} 53. f8=Q+ {[%clk
0:54:37]} Kg1 {[%clk 0:31:16]} 54. Nf4 {[%clk 0:53:17]} h2 {[%clk 0:31:39]} 55.
Qg7+ {[%clk 0:53:20]} Kf1 56. Qg2+ {[%clk 0:53:19]} Ke1 {[%clk 0:31:27]} 57.
Qxh2 1-0

[Event "DVM U14 2020"]
[Site "Willingen GER"]
[Date "2021.06.26"]
[Round "6"]
[White "Römer, Alois"]
[Black "Timmermann, Aaron Frederik"]
[Result "1/2-1/2"]
[Termination "normal"]
[Board "6.3"]
[WhiteElo "1498"]
[BlackElo "1399"]
[WhiteClock "00:24:42"]
[BlackClock "00:22:13"]
[WhiteTeam "Schachfreunde Brackel 1930 e. V."]
[BlackTeam "Schachklub Münster 32 e. V."]
[PlyCount "66"]
[WhiteFideId "16255607"]
[BlackFideId "34606173"]
[EventCountry "GER"]
[EventRounds "7"]
[EventType "team-swiss"]
[EventDate "2021.06.23"]

1. e4 {[%clk 1:30:57]} c5 {[%clk 1:30:55]} 2. d4 {[%clk 1:31:24]} cxd4 {[%clk
1:31:19]} 3. c3 {[%clk 1:31:51]} d3 {[%clk 1:31:45]} 4. Bxd3 {[%clk 1:32:16]}
Nc6 {[%clk 1:32:06]} 5. c4 {[%clk 1:31:57]} d6 {[%clk 1:32:19]} 6. Nc3 {[%clk
1:31:47]} g6 {[%clk 1:32:43]} 7. Nf3 {[%clk 1:31:53]} Bg7 {[%clk 1:33:06]} 8.
O-O {[%clk 1:31:51]} Nf6 {[%clk 1:33:29]} 9. Be3 {[%clk 1:32:05]} Bg4 {[%clk
1:33:46]} 10. h3 {[%clk 1:29:54]} Bxf3 {[%clk 1:34:08]} 11. Qxf3 {[%clk
1:30:14]} O-O {[%clk 1:34:22]} 12. Rad1 {[%clk 1:28:23]} Nd7 {[%clk 1:33:05]}
13. Qe2 {[%clk 1:27:47]} b6 {[%clk 1:31:47]} 14. f4 Nc5 {[%clk 1:29:20]} 15. e5
{[%clk 1:21:07]} Qc8 {[%clk 1:11:45]} 16. exd6 {[%clk 1:19:53]} exd6 {[%clk
1:09:02]} 17. Ne4 {[%clk 1:18:22]} Rd8 {[%clk 1:06:57]} 18. Bb1 {[%clk
1:17:14]} Qe6 {[%clk 1:03:58]} 19. f5 {[%clk 1:11:13]} Qe5 20. Rd5 {[%clk
1:02:06]} Qxb2 {[%clk 0:49:00]} 21. Qxb2 {[%clk 1:01:29]} Bxb2 {[%clk 0:47:49]}
22. Nxd6 {[%clk 0:58:54]} Ne7 {[%clk 0:42:00]} 23. Rdd1 {[%clk 0:57:31]} Be5
{[%clk 0:34:20]} 24. Bxc5 {[%clk 0:37:41]} bxc5 {[%clk 0:32:54]} 25. f6 {[%clk
0:30:51]} Bxd6 {[%clk 0:31:03]} 26. fxe7 {[%clk 0:30:25]} Bxe7 {[%clk 0:31:08]}
27. Bc2 {[%clk 0:28:42]} Kg7 {[%clk 0:27:08]} 28. Be4 {[%clk 0:27:40]} Rab8
{[%clk 0:25:10]} 29. Rxd8 {[%clk 0:26:38]} Bxd8 {[%clk 0:23:10]} 30. Bd5 {[%clk
0:26:34]} Bf6 {[%clk 0:22:57]} 31. Bc6 {[%clk 0:25:02]} Rb2 {[%clk 0:23:03]}
32. a4 {[%clk 0:25:02]} a6 {[%clk 0:23:12]} 33. Rc1 {[%clk 0:24:42]} Bd4+
{[%clk 0:22:13]} 1/2-1/2

[Event "DVM U14 2020"]
[Site "Willingen GER"]
[Date "2021.06.26"]
[Round "6"]
[White "Clauß, Annika"]
[Black "Zabudkin, David"]
[Result "0-1"]
[Termination "normal"]
[Board "6.4"]
[WhiteElo "1133"]
[BlackElo "1059"]
[WhiteClock "00:08:15"]
[BlackClock "00:57:30"]
[WhiteTeam "Schachklub Münster 32 e. V."]
[BlackTeam "Schachfreunde Brackel 1930 e. V."]
[PlyCount "56"]
[WhiteFideId "16261380"]
[BlackFideId "34605975"]
[EventCountry "GER"]
[EventRounds "7"]
[EventType "team-swiss"]
[EventDate "2021.06.23"]

1. e4 {[%clk 1:30:59]} e5 {[%clk 1:30:52]} 2. Bc4 {[%clk 1:31:25]} Nc6 {[%clk
1:31:10]} 3. d3 {[%clk 1:31:28]} Nf6 {[%clk 1:31:15]} 4. Nf3 {[%clk 1:31:33]}
Bc5 {[%clk 1:31:30]} 5. h3 {[%clk 1:31:50]} d6 {[%clk 1:31:27]} 6. O-O {[%clk
1:32:07]} Be6 {[%clk 1:31:15]} 7. Bb3 {[%clk 1:32:29]} h6 {[%clk 1:30:52]} 8.
c3 {[%clk 1:29:51]} Bxb3 {[%clk 1:27:13]} 9. axb3 O-O {[%clk 1:27:02]} 10. Re1
{[%clk 1:26:32]} Re8 {[%clk 1:25:55]} 11. Nbd2 {[%clk 1:22:05]} Qd7 {[%clk
1:23:17]} 12. Nf1 {[%clk 1:18:39]} a5 {[%clk 1:19:10]} 13. d4 {[%clk 1:03:09]}
exd4 {[%clk 1:17:27]} 14. cxd4 {[%clk 1:03:19]} Bb4 {[%clk 1:17:41]} 15. e5
{[%clk 0:45:21]} dxe5 {[%clk 1:13:09]} 16. Bd2 {[%clk 0:22:21]} Bxd2 {[%clk
1:08:01]} 17. Qxd2 {[%clk 0:17:10]} exd4 {[%clk 1:06:17]} 18. Rxe8+ {[%clk
0:16:59]} Rxe8 {[%clk 1:06:36]} 19. Ng3 {[%clk 0:16:12]} d3 {[%clk 1:05:20]}
20. Rc1 {[%clk 0:14:26]} Ne4 {[%clk 1:03:54]} 21. Nxe4 {[%clk 0:14:30]} Rxe4
{[%clk 1:04:14]} 22. Rc3 {[%clk 0:14:05]} Nb4 {[%clk 1:03:48]} 23. Ne1 {[%clk
0:13:49]} Rd4 {[%clk 1:00:10]} 24. Nf3 {[%clk 0:10:21]} Re4 {[%clk 0:59:33]}
25. Ne1 {[%clk 0:08:58]} Re2 {[%clk 0:59:38]} 26. Qd1 {[%clk 0:08:03]} Rxb2
{[%clk 0:57:06]} 27. Nxd3 {[%clk 0:07:57]} Nxd3 {[%clk 0:57:17]} 28. Rxd3
{[%clk 0:08:15]} Qf5 {[%clk 0:57:30]} 0-1